[Event "17th Spring Festival"]
[Site "Budapest HUN"]
[Date "2001.03.20"]
[Round "5"]
[White "Letay,G"]
[Black "Wolloner,T"]
[Result "1-0"]
[WhiteElo "2191"]
[BlackElo "2310"]

1.e4 d6 2.d4 g6 3.Nc3 Bg7 4.Be3 e6 5.Qd2 Nd7 6.Nge2 a6 7.f3 b5 8.g4 Nb6 9.Ng3 h6
10.h4 Ne7 11.b3 Bd7 12.Rd1 Qb8 13.Nce2 a5 14.Bg2 a4 15.O-O Qa7 16.f4 axb3
17.axb3 Qa5 18.Qd3 d5 19.f5 gxf5 20.gxf5 dxe4 21.Bxe4 Bf8 22.Bxa8 Qxa8 23.fxe6 fxe6
24.Ne4 Nbd5 25.Nf4 Qc6 26.Nxd5 Nxd5 27.Nf6+ Nxf6 28.Rxf6 Bc8 29.Qg6+ Kd8
30.d5 Qc3 31.dxe6+ Bd6 32.Rxd6+  1-0

[Event "17th Spring Festival"]
[Site "Budapest HUN"]
[Date "2001.03.20"]
[Round "5"]
[White "Rajlich,V"]
[Black "Khechumyan,G"]
[Result "0-1"]
[WhiteElo "2364"]
[BlackElo "2227"]

1.e4 g6 2.d4 Bg7 3.Nc3 d6 4.f4 e6 5.Nf3 Nd7 6.Be3 Ne7 7.Qd2 a6 8.O-O-O b5
9.h4 Nf6 10.Bd3 Bb7 11.f5 b4 12.Ne2 Nxe4 13.Bxe4 Bxe4 14.fxe6 fxe6 15.Ng5 Bf5
16.Nf4 Qd7 17.Rde1 O-O 18.h5 h6 19.Nf3 g5 20.Nd3 a5 21.Kb1 Nd5 22.Bf2 Rab8
23.Ka1 Qa4 24.b3 Qb5 25.Nb2 a4 26.Nxa4 Ra8 27.Qe2 Qc6 28.Nd2  0-1

[Event "Korchnoi 70"]
[Site "St Petersburg RUS"]
[Date "2001.03.20"]
[Round "5"]
[White "Rublevsky,S"]
[Black "Chepukaitis,G"]
[Result "1-0"]
[WhiteElo "2657"]
[BlackElo "2417"]

1.e4 g6 2.d4 d6 3.Nc3 Bg7 4.Bg5 h6 5.Bh4 a6 6.Nf3 Nd7 7.a4 b6 8.Bc4 g5 9.Bxg5 hxg5
10.Bxf7+ Kxf7 11.Nxg5+ Kg6 12.Ne6 Nh6 13.Nd5 Nf6 14.Nxd8 Rxd8 15.Nxe7+ Kf7
16.Nxc8 Rdxc8 17.f3 Nhg8 18.c3 c5 19.Qb3+ Kg6 20.O-O Rab8 21.Qe6 Kh7 22.e5 Ne8
23.f4 Nc7 24.Qf5+ Kh8 25.Rf3 Nh6 26.Rh3 Kg8 27.Qg6 Nf7 28.e6 Nxe6 29.Qxe6 cxd4
30.Qg6 Nh8 31.Qh7+ Kf7 32.Rg3 Rg8 33.Re1 dxc3 34.Qf5+  1-0

[Event "17th Spring Festival"]
[Site "Budapest HUN"]
[Date "2001.03.22"]
[Round "7"]
[White "Gara,T"]
[Black "Khechumyan,G"]
[Result "1/2-1/2"]
[WhiteElo "2322"]
[BlackElo "2227"]

1.e4 g6 2.d4 Bg7 3.Nc3 d6 4.f4 e6 5.Nf3 Nd7 6.Be3 a6 7.Qd2 Ne7 8.Bd3 b6 9.O-O-O Nf6
10.h3 Bb7 11.g4 h6 12.Rhf1 Qd7 13.g5 hxg5 14.fxg5 Nh5 15.Nh2 Nc6 16.Qf2 O-O-O
17.Ng4 Rdf8 18.e5 dxe5 19.dxe5 Qe7 20.Qh2 Rd8 21.Be4 Rxd1+ 22.Rxd1 Rd8 23.Rxd8+ Nxd8
24.Nf6 Bxf6 25.gxf6 Qb4 26.Bxb7+ Kxb7  1/2-1/2

[Event "Korchnoi 70"]
[Site "St Petersburg RUS"]
[Date "2001.03.22"]
[Round "6"]
[White "Popov,Val"]
[Black "Chepukaitis,G"]
[Result "1-0"]
[WhiteElo "2545"]
[BlackElo "2417"]

1.e4 g6 2.d4 Bg7 3.Nc3 d6 4.Be3 a6 5.a4 b6 6.f4 Bb7 7.Nf3 e6 8.Bd3 c5 9.O-O Nf6
10.Kh1 O-O 11.Qe2 Nc6 12.dxc5 bxc5 13.f5 exf5 14.exf5 Re8 15.Qd2 Nb4 16.fxg6 hxg6
17.Rad1 Nxd3 18.Qxd3 Ne4 19.Nxe4 Bxe4 20.Qd2 d5 21.Bxc5 Qc7 22.b4 a5 23.Ng5 axb4
24.Qxb4 Rab8 25.Qa3 Rec8 26.Qh3  1-0

[Event "TCh-ROM"]
[Site "Sovata ROM"]
[Date "2001.03.23"]
[Round "3"]
[White "Berescu,A"]
[Black "Dumitrache,D"]
[Result "1/2-1/2"]
[WhiteElo "2426"]
[BlackElo "2425"]

1.e4 g6 2.d4 Bg7 3.Nc3 d6 4.Nge2 e5 5.Be3 Nc6 6.h3 Nf6 7.Qd2 O-O 8.d5 Ne7
9.g4 Ne8 10.Ng3 f5 11.gxf5 gxf5 12.exf5 Nxf5 13.Nxf5 Bxf5 14.Rg1 Nf6 15.O-O-O Qd7
16.Bh6 Bg6 17.Bxg7 Kxg7 18.h4 Kh8 19.Bd3  1/2-1/2

[Event "17th Spring Festival"]
[Site "Budapest HUN"]
[Date "2001.03.24"]
[Round "9"]
[White "Karolyi,T"]
[Black "Khechumyan,G"]
[Result "0-1"]
[WhiteElo "2435"]
[BlackElo "2227"]

1.e4 g6 2.d4 Bg7 3.Nc3 d6 4.Be3 Nd7 5.Qd2 h6 6.f4 e6 7.Nf3 Ne7 8.O-O-O a6
9.h4 Nf6 10.Bd3 b5 11.a3 Bb7 12.e5 Nfd5 13.h5 Nxc3 14.Qxc3 gxh5 15.Rxh5 Nd5
16.Qd2 f5 17.Nh4 c5 18.Bxf5 exf5 19.Nxf5 Bf8 20.exd6 c4 21.Qe2 Qf6 22.Bf2+ Kd7
23.Qg4 Qe6 24.Re1 Nf6 25.Qh3 Be4 26.d5 Nxd5  0-1

[Event "German Team Cup"]
[Site "Luebeck GER"]
[Date "2001.03.24"]
[Round "1"]
[White "Hector,J"]
[Black "Lorscheid,G"]
[Result "1-0"]
[WhiteElo "2532"]
[BlackElo "2323"]

1.e4 d6 2.d4 g6 3.Nc3 Bg7 4.f4 Nf6 5.Nf3 O-O 6.Bd3 Na6 7.O-O c5 8.d5 Rb8
9.Qe2 Nc7 10.a4 a6 11.a5 Bg4 12.Bc4 e6 13.dxe6 Nxe6 14.Qd3 Re8 15.Ng5 Nd7
16.Nxf7 Kxf7 17.f5 Bd4+ 18.Be3 Ne5 19.Bxd4  1-0

[Event "Tch-NED"]
[Site "NED"]
[Date "2001.03.24"]
[Round "7"]
[White "Stellwagen,D"]
[Black "Van Wissen,M"]
[Result "1-0"]
[WhiteElo "2276"]
[BlackElo "2228"]

1.e4 g6 2.d4 Bg7 3.Nc3 d6 4.f4 Nf6 5.Nf3 c5 6.dxc5 Qa5 7.Bd3 Qxc5 8.Qe2 Bg4
9.Be3 Qa5 10.O-O Nc6 11.h3 Bxf3 12.Qxf3 O-O 13.Rad1 Nd7 14.Bd2 Qb6+ 15.Kh1 Nc5
16.Nd5 Qxb2 17.f5 Nxd3 18.cxd3 e6 19.Bc1 Qe5 20.Bf4 Qb2 21.Rd2 Qa3 22.f6 exd5
23.fxg7 Kxg7 24.Qe3 dxe4 25.Bh6+ Kg8 26.Bxf8 Rxf8 27.Qxe4 Qc3 28.Rdf2 Qe5
29.Qc4 Qe7 30.d4 Kg7 31.Qd5 Nd8 32.Qf3 f5 33.Re2 Qf7 34.d5 Qd7 35.Qc3+ Kg8
36.Rfe1 Nf7 37.Re7 Qb5 38.Qd4 a6 39.Rc1 Ne5 40.Rcc7 Qf1+ 41.Qg1 Qxg1+ 42.Kxg1 Rf7
43.Rxf7 Nxf7 44.Rxb7 Kg7 45.Kf2 Kf6 46.Ke3 g5 47.Rd7 h5 48.g3 a5 49.a4 Kg6
50.h4 Kf6 51.hxg5+ Nxg5 52.Rxd6+ Ke5 53.Ra6 Ne4 54.d6 Nxd6 55.Rxa5+ Ke6 56.Kf4  1-0

[Event "Open"]
[Site "Bled SLO"]
[Date "2001.03.25"]
[Round "2"]
[White "Krivec,J"]
[Black "Sermek,D"]
[Result "0-1"]
[WhiteElo "2219"]
[BlackElo "2515"]

1.e4 g6 2.d4 Bg7 3.Nc3 d6 4.Be3 a6 5.Qd2 b5 6.a4 b4 7.Nd1 a5 8.c3 bxc3 9.bxc3 Nf6
10.f3 O-O 11.Bd3 Nbd7 12.Ne2 Nb6 13.Bh6 e5 14.Bxg7 Kxg7 15.O-O Bd7 16.Nb2 Qe8
17.Bc2 Qe7 18.c4 Rfb8 19.Rfb1 Be8 20.Nc3 Nfd7 21.Nd5 Nxd5 22.cxd5 Qf6 23.Nc4 exd4
24.Nxa5 d3 25.Bxd3 Qd4+ 26.Kh1 Rxb1+ 27.Rxb1 Nc5 28.Rd1 Bxa4 29.Nc6 Bxc6
30.dxc6 Nxd3 31.g3 Ra1  0-1

[Event "Tch-NED"]
[Site "NED"]
[Date "2001.03.25"]
[Round "8"]
[White "Hoffmann,Mi"]
[Black "Ree,H"]
[Result "0-1"]
[WhiteElo "2454"]
[BlackElo "2419"]

1.e4 g6 2.d4 Bg7 3.Nc3 d6 4.f4 a6 5.Nf3 b5 6.Bd3 Nd7 7.e5 c5 8.Be4 Rb8 9.Be3 Nh6
10.dxc5 b4 11.Ne2 Ng4 12.Bg1 dxe5 13.fxe5 Qc7 14.e6 fxe6 15.Ned4 Nxc5 16.Qe2 O-O
17.O-O-O Qf4+ 18.Nd2 Nf2 19.Bxf2 Qxf2 20.Qxf2 Rxf2 21.N4b3 Na4 22.Nc4 Bb7
23.Bxb7 Rxb7 24.Rhf1 Rxf1 25.Rxf1 Rc7 26.Nbd2 Rd7 27.Nb3 Rd5 28.Kb1 Bf6 29.Kc1 Kg7
30.Rf3 Bg5+ 31.Ncd2 Nc5 32.Nxc5 Bxd2+ 33.Kd1 Bh6+ 34.Nd3 e5 35.Ke1 e4 36.Nf4 Rd6
37.Rf1 e5 38.Nh3 Rd2 39.Rf2 e3 40.Rxd2 exd2+ 41.Ke2 Be3  0-1

[Event "Tch-NED"]
[Site "NED"]
[Date "2001.03.25"]
[Round "8"]
[White "Deegens,V"]
[Black "Cuijpers,F"]
[Result "1/2-1/2"]
[WhiteElo "2339"]
[BlackElo "2474"]

1.e4 g6 2.d4 Bg7 3.Nc3 d6 4.Bg5 c5 5.dxc5 Qa5 6.Qd2 Qxc5 7.Nd5 Be6 8.Be3 Qc8
9.Bd4 Nf6 10.Nxf6+ exf6 11.Bb5+ Nd7 12.Ne2 O-O 13.Nc3 Ne5 14.O-O a6 15.Be2 b5
16.a3 f5 17.exf5 Bxf5 18.Rac1 Qc6 19.Rfd1 Rad8 20.b3 Rfe8 21.h3 h5 22.Rf1 Rc8
23.Rfe1 Kh7 24.Rf1 Kg8 25.Rfe1 Kh7 26.Rf1 Nd7 27.Bf3 Qc7 28.Nd5 Qd8 29.Bxg7 Kxg7
30.Qd4+ Re5 31.Ne3 Qf6 32.Bb7 Rb8 33.Bc6 Rc5 34.Nxf5+ gxf5 35.Qxf6+ Nxf6
36.Bf3 Rbc8 37.Rfd1 d5  1/2-1/2

[Event "TCh-ROM"]
[Site "Sovata ROM"]
[Date "2001.03.25"]
[Round "5"]
[White "Pomarleanu,A"]
[Black "Bogza,O"]
[Result "0-1"]
[WhiteElo "2080"]
[BlackElo "2126"]

1.e4 d6 2.d4 g6 3.Nc3 Bg7 4.g3 Nf6 5.Bg2 O-O 6.Nge2 e5 7.O-O Nc6 8.h3 exd4
9.Nxd4 Nxe4 10.Nxc6 Nxc3 11.Nxd8 Nxd1 12.Nxf7 Nxb2 13.Nh6+ Kh8 14.Rb1 Na4
15.Re1 Bf6 16.g4 Nc5 17.g5 Bd4 18.Re7 Be6 19.Bb2 Bxb2 20.Rxb2 c6 21.c3 Rae8
22.Rc7 Rc8 23.Re7 Rfe8 24.Nf7+ Bxf7 25.Rxf7 Kg8 26.Rf6 d5 27.h4 Rf8 28.Bh3 Rxf6
29.Bxc8 Rf8 30.Bg4 Re8 31.h5 Re7 32.f3 Re3 33.c4 dxc4 34.Rc2 b5 35.Kf2 Re7
36.Rd2 Nd3+ 37.Kg3 Kf7 38.hxg6+ hxg6 39.Rh2 Kg7 40.a4 b4 41.Rc2 c3 42.f4 Re3+  0-1

[Event "54th ch-YUG Women"]
[Site "Herceg Novi YUG"]
[Date "2001.03.27"]
[Round "5"]
[White "Kalevic,S"]
[Black "Petrovic,Ma"]
[Result "1-0"]
[WhiteElo "2274"]
[BlackElo "2210"]

1.e4 g6 2.d4 Bg7 3.Nc3 d6 4.Nf3 Nf6 5.g3 O-O 6.Bg2 Nc6 7.d5 Nb8 8.O-O c6
9.h3 cxd5 10.exd5 Na6 11.Be3 Bd7 12.a4 Qc8 13.Kh2 Nb4 14.a5 Qc4 15.Nd2 Qc7
16.Nb3 Rfc8 17.Re1 Qd8 18.Qd2 Rc7 19.Rec1 Qc8 20.Ra3 h5 21.Nd4 Rc4 22.Rb3 Na6
23.Bf1 Rc5 24.Ndb5 h4 25.Bxc5 hxg3+ 26.fxg3 Qxc5 27.Re1 Re8 28.Qe3 Bf5 29.Qxc5 Nxc5
30.Rb4 Bxc2 31.Nxa7 Kf8 32.Nab5 Ra8 33.Nd4 Bd3 34.Nb3 Nfd7 35.Ra1 Bxf1 36.Rxf1 Be5
37.Nxc5 Nxc5 38.Rb5 Ra7 39.Rf3 Kg7 40.Kg2 Na6 41.Rb3 f5 42.Rf1 Nc5 43.Ra3 Na6
44.Rf2 Ra8 45.Rb3 Ra7 46.Rc2 Kf6 47.Nb5 Ra8 48.Nc3 Nc5 49.Rb5 Ra7 50.Na2 Nd3
51.Rc7 Bxb2 52.Rcxb7 Ra8 53.Rxb2 Nxb2 54.Rxb2 Rxa5 55.Rd2 g5 56.Nc3 Rc5 57.Rd3 e5
58.dxe6 Kxe6 59.h4 gxh4 60.gxh4 d5 61.Kg3 Ke5 62.h5 Kf6 63.Nxd5+ Kg5 64.Nf4 Ra5
65.Rf3 Ra2 66.Rf2 Ra3+ 67.Kg2 Ra4 68.Kf1 Ra1+ 69.Ke2 Ra3 70.Kd2 Rb3 71.Kc2 Ra3
72.Kb2 Re3 73.Nd5 Re5 74.Nf4 Re3 75.Ng2 Rh3 76.Nf4 Re3 77.Kc2 Ra3 78.Kd2 Rb3
79.Ke2 Ra3 80.Ke1 Ra1+ 81.Ke2 Ra3 82.Kf1 Ra1+ 83.Kg2 Ra3 84.Rf3 Ra2+ 85.Kg3 Ra4
86.Kh3 Ra1 87.Kg3 Ra4 88.Ne6+ Kxh5 89.Rxf5+ Kg6 90.Rf3 Rb4 91.Nf4+ Kg5 92.Ne6+ Kg6
93.Nc7 Kg5 94.Ne6+ Kg6 95.Rf8 Ra4 96.Nf4+ Kg5 97.Kf3 Rb4 98.Ke3 Ra4 99.Nd5 Rc4
100.Nf6 Ra4 101.Ne4+ Kg6 102.Kf4 Ra1 103.Ke5 Ra5+ 104.Ke6 Ra6+ 105.Nd6 Kg5
106.Rf1 Kg4 107.Ke5 Ra5+ 108.Kd4 Ra4+ 109.Nc4 Kg5 110.Kd5 Ra6 111.Ke5 Kg4
112.Ke4 Kg5 113.Rf5+ Kg6 114.Ne5+ Kg7 115.Rf2 Ra7  1-0

[Event "ch-BUL Women"]
[Site "Plovdiv BUL"]
[Date "2001.03.27"]
[Round "8"]
[White "Jovkova Draganova,P"]
[Black "Chilingirova,P"]
[Result "0-1"]
[WhiteElo "2040"]
[BlackElo "2206"]

1.e4 d6 2.d4 g6 3.Nc3 Bg7 4.g3 a6 5.a4 Nd7 6.Bg2 c5 7.Nf3 cxd4 8.Nxd4 Ngf6
9.O-O O-O 10.h3 Ne5 11.f4 Nc4 12.b3 Qb6 13.bxc4 Nxe4 14.Be3 Nxc3 15.Qd3 Bxd4
16.Rfe1 Bxe3+ 17.Rxe3 Nxa4 18.Rxa4 Bd7 19.Ra3 Bc6 20.f5 Bxg2 21.Kxg2 Qc6+
22.Kh2 Rfe8 23.h4 Rac8 24.Rc3 Qc5 25.Rf3 b5 26.fxg6 hxg6 27.Qf1 b4 28.Rce3 Qxc4
29.Re2 a5 30.Rf4 Qd5 31.Ref2 Rf8 32.Qe2 b3 33.cxb3 Rc1 34.R4f3 Qd1 35.Qxd1 Rxd1
36.Rc2 Rb8 37.Rc7 Re1 38.Ra7 Re5 39.Rc3 f5 40.Kg2 Kf7 41.Kf3 Kf6 42.Kf4 Rb4+
43.Kf3 Reb5 44.Kf2 Rxb3 45.Rxb3 Rxb3 46.Rxa5 Rb6 47.Ra3 e5 48.Ra8 d5 49.Rh8 Rb2+
50.Kf3 d4 51.Rf8+ Ke7 52.Rg8 Kf7 53.Rd8 e4+ 54.Kf4 e3 55.Ra8 e2 56.Ra1 Rb3
57.Re1 Re3 58.h5 gxh5 59.Kxf5 d3  0-1

[Event "54th ch-YUG Women"]
[Site "Herceg Novi YUG"]
[Date "2001.03.30"]
[Round "7"]
[White "Kalevic,S"]
[Black "Benderac,A"]
[Result "1/2-1/2"]
[WhiteElo "2274"]
[BlackElo "2246"]

1.e4 g6 2.d4 Bg7 3.Nc3 d6 4.Nf3 Nf6 5.g3 O-O 6.Bg2 Nc6 7.d5 Nb8 8.O-O c5
9.h3 Nbd7 10.a4 a6 11.Qe2 Ne8 12.Bf4 Ne5 13.Nxe5 dxe5 14.Be3 Qc7 15.Qc4 b6
16.a5 Nd6 17.axb6 Nxc4 18.bxc7 Nxe3 19.fxe3 Bh6 20.Rfe1 Ra7 21.Ra5 Rxc7 22.Na4 c4
23.Rc5 Rxc5 24.Nxc5 Rd8 25.Kf2 Rd6 26.Ra1 Rb6 27.Ra2 Rb5 28.Na4 e6 29.Nc3 Rb4
30.Bf1 Kf8 31.dxe6 Bxe6 32.Nd5 Bxd5 33.exd5 a5 34.c3 Rb5 35.Bxc4 Rc5 36.Ra4 Ke7
37.d6+ Kf8 38.d7 Bg5 39.Ba2 f5 40.Rc4 Rxc4 41.Bxc4 Ke7 42.Bb5 Kd8 43.Ke2 e4
44.g4 Be7 45.Kd2 Bc5  1/2-1/2

[Event "Open"]
[Site "Bled SLO"]
[Date "2001.03.31"]
[Round "8"]
[White "Kodric,M"]
[Black "Ciglic,B"]
[Result "1/2-1/2"]
[WhiteElo "2248"]
[BlackElo "2136"]

1.e4 g6 2.d4 Bg7 3.Nc3 d6 4.Be3 Nf6 5.h3 c6 6.a4 a5 7.Nf3 O-O 8.Be2 Qc7 9.O-O Nbd7
10.Qd2 e5 11.dxe5 dxe5 12.Rfd1 Re8 13.Bc4 Nf8 14.Bc5 Be6 15.Bd6 Qb6 16.Nxe5 Rad8
17.Qe1 Bxc4 18.Nxc4 Qa6 19.Ne3 Nxe4 20.Nxe4 Rxe4 21.c3 Rde8 22.Qf1 Qb6 23.Nc4 Qa6
24.Ne3 Qb6 25.Nc4  1/2-1/2

[Event "Open"]
[Site "Bled SLO"]
[Date "2001.04.01"]
[Round "9"]
[White "Barle,J"]
[Black "Vavpetic,V"]
[Result "1-0"]
[WhiteElo "2383"]
[BlackElo "2269"]

1.e4 g6 2.d4 Bg7 3.Nc3 d6 4.Nge2 c6 5.a4 Nf6 6.g3 O-O 7.Bg2 e5 8.O-O a5 9.h3 Qc7
10.Be3 Na6 11.Qd2 Re8 12.Rad1 Be6 13.g4 Bc4 14.Rfe1 Bxe2 15.Rxe2 Rad8 16.f4 exd4
17.Bxd4 Nc5 18.f5 b6 19.Rf1 Nfd7 20.Bxg7 Kxg7 21.Ref2 Ne5 22.g5 Kg8 23.Rf4 gxf5
24.exf5 d5 25.Qf2 Nc4 26.Qh4 Qe5 27.f6 Ne6 28.Qh6 Ne3 29.Rh4 Qxg5 30.Qxh7+ Kf8
31.Qh8+ Qg8 32.Qh6+  1-0

[Event "It"]
[Site "Oakham ENG"]
[Date "2001.04.02"]
[Round "5"]
[White "Gormally,D"]
[Black "McNab,C"]
[Result "1/2-1/2"]
[WhiteElo "2505"]
[BlackElo "2403"]

1.e4 g6 2.d4 d6 3.Nc3 Bg7 4.f4 Nf6 5.Nf3 O-O 6.Be3 b6 7.Qd2 Bb7 8.e5 Ng4
9.O-O-O dxe5 10.Nxe5 Nxe5 11.fxe5 c5 12.dxc5 Qxd2+ 13.Rxd2 Bxe5 14.Nd5 e6
15.Nb4 bxc5 16.Bxc5 Bf4 17.Bxf8 Kxf8 18.Nd3 Bxd2+ 19.Kxd2 Nd7 20.Rg1  1/2-1/2

[Event "54th ch-YUG Women"]
[Site "Herceg Novi YUG"]
[Date "2001.04.03"]
[Round "11"]
[White "Prudnikova,S"]
[Black "Petrovic,Ma"]
[Result "1/2-1/2"]
[WhiteElo "2422"]
[BlackElo "2210"]

1.e4 g6 2.d4 Bg7 3.Nc3 d6 4.Be3 Nd7 5.f4 c5 6.Nf3 Ngf6 7.d5 O-O 8.Nd2 a6
9.a4 b6 10.Bc4 Bb7 11.O-O Ne8 12.Bf2 Nc7 13.Bh4 Nf6 14.Qe2 Qd7 15.Nf3 Rfb8
16.Ra3 b5 17.axb5 axb5 18.Nxb5 Rxa3 19.Nxa3 Nh5 20.f5 Bxb2 21.Nb1 Bg7 22.c3 Nf6
23.fxg6 hxg6 24.Ng5 Qa4 25.Bg3 Ba6 26.Bxa6 Qxa6 27.Qxa6 Nxa6 28.e5 dxe5 29.Bxe5 Rb2
30.Na3 Re2 31.Nc4 Ne4 32.Nxf7 Nxc3 33.Bxg7 Kxg7 34.d6 exd6 35.Nfxd6 Nb4 36.h4 Re7
37.Kh2 Ncd5 38.Kh3 Nd3 39.g3 Nf6 40.Rf3 Ne1 41.Re3 Rxe3 42.Nxe3  1/2-1/2

[Event "Dos Hermanas Internet KO"]
[Site "ICC INT"]
[Date "2001.04.06"]
[Round "1.2"]
[White "Sergejev,R"]
[Black "Azmaiparashvili,Z"]
[Result "1-0"]
[WhiteElo "2349"]
[BlackElo "2670"]

1.e4 d6 2.d4 g6 3.Nc3 Bg7 4.Nf3 Nf6 5.h3 c6 6.Be3 Qa5 7.Qd2 O-O 8.Be2 b5
9.Bd3 Nbd7 10.O-O Qc7 11.Rad1 a6 12.Rfe1 c5 13.Bh6 cxd4 14.Nxd4 Bb7 15.a3 Qc5
16.Nb3 Qb6 17.a4 b4 18.Nd5 Bxd5 19.Bxg7 Kxg7 20.exd5 Ne5 21.a5 Qb7 22.Bf1 Rfc8
23.Kh1 Rc7 24.f4 Nc4 25.Qd4 Rac8 26.Be2 Qa7 27.g4 Qxd4 28.Rxd4 Nxb2 29.Bxa6 Ra8
30.Be2 Rxc2 31.g5 Nd7 32.Rxb4 Nc5 33.Nxc5 dxc5 34.Rb7 Rxa5 35.Rxe7 Rd2 36.f5 h6
37.f6+ Kg8 38.Bf1 Ra8 39.Re8+ Rxe8 40.Rxe8+ Kh7 41.Rf8 hxg5 42.Rxf7+ Kh6
43.Rf8 Kh7 44.Rb8 Rf2 45.Kg1 Nd1 46.d6 Rxf6 47.d7 Ne3 48.d8=Q Rxf1+ 49.Kh2 Rf2+
50.Kg3  1-0

[Event "Grand Prix du Senat"]
[Site "Paris FRA"]
[Date "2001.04.06"]
[Round "2.6"]
[White "Fressinet,L"]
[Black "Spassky,B"]
[Result "1-0"]
[WhiteElo "2575"]
[BlackElo "2551"]

1.e4 g6 2.d4 Bg7 3.Nc3 d6 4.Nf3 Nd7 5.Be3 e5 6.Qd2 Ngf6 7.h3 O-O 8.O-O-O exd4
9.Nxd4 Re8 10.f3 c6 11.Nb3 Bf8 12.h4 b5 13.g4 b4 14.Ne2 d5 15.g5 Nh5 16.exd5 cxd5
17.Qxd5 Rxe3 18.Qxa8 Qc7 19.Qd5 Nb6 20.Qd8 Qb7 21.Ned4 Nd5 22.Bc4 Nb6 23.Bb5 Kg7
24.Nf5+ Bxf5 25.Qd4+ Kg8 26.Qxe3 Nd5 27.Qd4 Nhf4 28.Bc4 Be6 29.Kb1 Bg7 30.Qe4 Bf5
31.Bxd5 Qc8 32.Qc4  1-0

[Event "Zone 3.1a"]
[Site "Tehran IRI"]
[Date "2001.04.06"]
[Round "2"]
[White "Hakki,I"]
[Black "Jasim,A"]
[Result "1-0"]
[WhiteElo "2440"]
[BlackElo "2293"]

1.d4 g6 2.e4 Bg7 3.Nc3 d6 4.f4 Nf6 5.Nf3 O-O 6.Bd3 Na6 7.O-O c5 8.d5 Rb8
9.Kh1 Bg4 10.h3 Bxf3 11.Rxf3 Nc7 12.a4 e6 13.dxe6 Nxe6 14.Rf1 d5 15.f5 dxe4
16.fxe6 exd3 17.exf7+ Rxf7 18.cxd3 Qd7 19.Qb3 Rf8 20.Be3 b6 21.Rf3 Nh5 22.Raf1 Be5
23.Ne4 Kg7 24.Bh6+ Kxh6 25.Rxf7 Rxf7 26.Rxf7 Qd4 27.g4 Ng3+ 28.Nxg3 Bxg3
29.Kg2 Bd6 30.Qc3 Qd5+ 31.Rf3 Be5 32.Qd2+ Kg7 33.Qg5 Qd6 34.b3 h6 35.Qe3 g5
36.Qe4 Bf4 37.Qb7+ Kg6 38.Qxa7 Qe6 39.a5 bxa5 40.Qxc5 Qxb3 41.Qf5+ Kg7 42.Rf2 Qb7+
43.Qe4 Qxe4+ 44.dxe4 Kf6 45.Ra2 Bc7 46.Rc2 Bd6 47.Rc6 Ke5 48.Kf3 a4 49.Ra6 a3
50.Ra5+ Ke6 51.e5 Bb4 52.Ra4 Be7 53.Ke4 Bc5 54.Ra5 Bb4 55.Ra6+ Ke7 56.Kd5 Kf7
57.Ke4 Bf8 58.Kd5 Bb4 59.Rxh6 Bc3 60.Ra6 Bb2 61.Ra7+  1-0

[Event "Zone 3.1a"]
[Site "Tehran IRI"]
[Date "2001.04.07"]
[Round "4"]
[White "Mohammad,S"]
[Black "Jasim,A"]
[Result "1/2-1/2"]
[WhiteElo "2319"]
[BlackElo "2293"]

1.d4 g6 2.e4 Bg7 3.Nc3 d6 4.Be3 c6 5.Qd2 b5 6.f3 Nd7 7.Nh3 Qc7 8.a4 b4 9.Nd1 a5
10.c3 Rb8 11.Nhf2 Ngf6 12.Be2 O-O 13.O-O e5 14.Bh6 bxc3 15.bxc3 d5 16.dxe5 Bxh6
17.Qxh6 Qxe5 18.f4 Qe7 19.e5 Ne8 20.Re1 f6 21.Bg4 f5 22.Be2 Nc5 23.Qh3 Ng7
24.Qe3 Nge6 25.g3 Rd8 26.Ra2 Rd7 27.Qd2 Rdb7 28.Ne3 Nb3 29.Qd1 Nbc5 30.Qd2 Rb6
31.Bf1 Qd7 32.Kg2 Bb7 33.h4 Ba8 34.Kh2 Qb7 35.Re2 Nb3 36.Qd1 Nbc5 37.Bg2 Rb1
38.Qc2 Qa7 39.Nd3 Nxd3 40.Qxd3 Qc5 41.Nd1 R8b3 42.Reb2 R3xb2 43.Rxb2 Rxb2
44.Nxb2 Qb6 45.Qc2 Bb7 46.Bf3 Qe3 47.Kg2 Ba6 48.Bd1 Nc5 49.c4 Ne4 50.Bf3 Nd2
51.Qd3 Qxd3 52.Nxd3 Bxc4 53.Nc5 Kf7 54.Nb7 Nxf3 55.Kxf3 d4 56.Nc5 Ke7 57.Kf2 Kd8
58.Ke1 Kc7 59.Kd2 Kb6 60.Nd7+ Kc7 61.Nc5 Kb6 62.Nd7+  1/2-1/2

[Event "Open"]
[Site "Metz FRA"]
[Date "2001.04.08"]
[Round "2"]
[White "Senff,M"]
[Black "Laufer,T"]
[Result "1-0"]
[WhiteElo "2443"]
[BlackElo "2068"]

1.e4 g6 2.d4 Bg7 3.Nc3 d6 4.f4 Nf6 5.Nf3 O-O 6.e5 dxe5 7.fxe5 Nd5 8.Bc4 c6
9.O-O a5 10.Ne4 b5 11.Be2 Na6 12.c3 Nac7 13.Qe1 f6 14.Qg3 Bf5 15.Nc5 Ne6
16.exf6 exf6 17.Bd3 Bxd3 18.Nxe6 Qb8 19.Nxf8 Qxg3 20.hxg3 Bxf1 21.Nxg6 Bxg2
22.Ne7+ Nxe7 23.Kxg2 Nd5 24.Bd2 Re8 25.Kf2 a4 26.Nh4 Bf8 27.b4 Re6 28.Rh1 Be7
29.Nf5 Bf8 30.Kf3 Ne7 31.Ne3 Nd5 32.Nxd5 cxd5 33.Rh5 Rd6 34.Bf4 Rd7 35.Kg4 Be7
36.Kf5 Kg7 37.Ke6 Rb7 38.Rxd5 Kg6 39.Rd7 Rxd7 40.Kxd7  1-0

[Event "Zone 3.1a"]
[Site "Tehran IRI"]
[Date "2001.04.08"]
[Round "7"]
[White "Mahjoob,M"]
[Black "Jasim,A"]
[Result "0-1"]
[WhiteElo "2336"]
[BlackElo "2293"]

1.e4 g6 2.d4 Bg7 3.Nc3 d6 4.Be3 c6 5.Qd2 b5 6.f3 Nd7 7.a4 b4 8.Nd1 a5 9.c3 Rb8
10.Bd3 Qc7 11.Rc1 bxc3 12.Nxc3 Ngf6 13.Nge2 O-O 14.O-O Qb6 15.Rc2 Ba6 16.Rfc1 Rfc8
17.e5 Ne8 18.f4 Bxd3 19.Qxd3 Qb3 20.Rf1 c5 21.Rd2 Qb7 22.Nb5 cxd4 23.Bxd4 dxe5
24.Ba7 Nc5 25.Qe3 Ne4 26.Rd3 Ra8 27.fxe5 Bxe5 28.Nec3 Nxc3 29.bxc3 Bg7 30.Re1 e6
31.Red1 Qc6 32.Bd4 Bxd4 33.Rxd4 Qc5 34.h3 Rd8 35.Kf2 Rxd4 36.Qxd4 Qh5 37.Rd2 Qg5
38.Kg1 Rb8 39.Rd3 Ng7 40.Kh2 Nh5 41.h4 Qe7 42.g3 Rf8 43.Qe5 Nf6 44.Qg5 h6
45.Qd2 Ng4+ 46.Kh3 Qf6 47.Kg2 Ne5 48.Rd6 Qf3+ 49.Kh2 Ng4+ 50.Kh3 Nf2+  0-1

[Event "Spring Festival"]
[Site "Bucharest ROM"]
[Date "2001.04.09"]
[Round "4"]
[White "Cioara,A"]
[Black "Dumitrache,D"]
[Result "1-0"]
[WhiteElo "2410"]
[BlackElo "2425"]

1.e4 g6 2.d4 Bg7 3.Nc3 d6 4.f4 Nf6 5.Nf3 O-O 6.Bd3 Na6 7.O-O c5 8.d5 Bg4
9.h3 Bxf3 10.Qxf3 Nb4 11.Rf2 Nxd3 12.cxd3 Nd7 13.Be3 a6 14.g4 b5 15.h4 b4
16.Nd1 e6 17.dxe6 fxe6 18.Qh3 Qe8 19.g5 Nb8 20.Rd2 Nc6 21.Nf2 d5 22.Bxc5 Rxf4
23.Be3 Rf7 24.Ng4 Rd8 25.Rf1 Rxf1+ 26.Qxf1 dxe4 27.dxe4 Rxd2 28.Bxd2 Bxb2
29.Qxa6 Qd7 30.Qf1 Kg7 31.Be3 Bd4 32.Kg2 Qf7 33.Bxd4+ Nxd4 34.Nf6 e5 35.Qa6 h6
36.gxh6+ Kxh6 37.Ng4+ Kh5 38.Nxe5 Qe6 39.Qa5 Kxh4 40.Qd8+ Kh5 41.Qxd4 Qxa2+
42.Kg3 Qa3+ 43.Nf3 Qc3 44.Qd7 Kh6 45.Kg4 Qc2 46.Qe7 Qc8+ 47.Kh4 b3 48.Ne5 b2
49.Qg5+  1-0

[Event "FSIMA April"]
[Site "Budapest HUN"]
[Date "2001.04.11"]
[Round "5"]
[White "Rajlich,V"]
[Black "Khechumyan,G"]
[Result "1-0"]
[WhiteElo "2337"]
[BlackElo "2221"]

1.e4 d6 2.d4 g6 3.Nc3 Bg7 4.Be3 a6 5.Qd2 b5 6.a4 b4 7.Nd1 a5 8.f3 c6 9.h4 h6
10.Nf2 e6 11.O-O-O Nd7 12.Ne2 Ne7 13.g4 Ba6 14.f4 Qc7 15.h5 O-O-O 16.hxg6 fxg6
17.Bh3 c5 18.g5 Bxe2 19.Qxe2 cxd4 20.gxh6 Rxh6 21.Bxd4 Bxd4 22.Rxd4 Nc5 23.Rc4 Qd7
24.Rxc5+ dxc5 25.Qa6+ Kc7 26.Qxa5+ Kb7 27.Nd3 Rc8 28.Nxc5+ Rxc5 29.Qxc5 Nc6
30.Rd1 Qf7 31.Bf1 Qxf4+ 32.Kb1 Rh7 33.Ba6+ Kc7  1-0

[Event "Solett Open"]
[Site "Skelleftea SWE"]
[Date "2001.04.12"]
[Round "4"]
[White "Porrasmaa,T"]
[Black "Kiik,K"]
[Result "0-1"]
[WhiteElo "2233"]
[BlackElo "2451"]

1.d4 g6 2.e4 Bg7 3.Nc3 d6 4.Bc4 c6 5.Qf3 e6 6.Nge2 b5 7.Bb3 a5 8.a3 Ba6 9.d5 cxd5
10.exd5 e5 11.Ne4 h6 12.g4 Nf6 13.N2g3 Nxe4 14.Nxe4 Qe7 15.Be3 Nd7 16.h4 O-O
17.Rg1 Rfc8 18.c3 b4 19.Ba4 bxc3 20.bxc3 Bd3 21.Bc6 Nf6 22.Nxf6+ Bxf6 23.Bg5 hxg5
24.Qxd3 e4 25.Qe3 Rab8 26.h5 Rb3 27.Rc1 Rxa3 28.hxg6 fxg6 29.Kf1 Bg7 30.Kg2 Rf8
31.Rgf1 Rf4 32.Qe2 Bxc3 33.Rh1 Bd4 34.Rb1 Rxf2+ 35.Qxf2 Bxf2 36.Rb8+ Kg7
37.Rhh8 Qf7  0-1

[Event "Israel Open Ch"]
[Site "Tel Aviv ISR"]
[Date "2001.04.12"]
[Round "4"]
[White "Maryasin,B"]
[Black "Tseitlin,Ma"]
[Result "0-1"]
[WhiteElo "2430"]
[BlackElo "2492"]

1.e4 g6 2.d4 d6 3.Nc3 Bg7 4.Be3 a6 5.Qd2 Nd7 6.h4 h5 7.O-O-O b5 8.f3 Bb7
9.Nh3 c5 10.dxc5 dxc5 11.Nd5 Bxd5 12.exd5 Ngf6 13.Nf4 Rc8 14.Kb1 Nb6 15.Bd3 O-O
16.Qf2 Qd6 17.Bc1 c4 18.Bxg6 fxg6 19.Rhe1 Nfxd5 20.Re6 Nc3+ 21.bxc3 Qxd1
22.Qxb6 Rb8 23.Qe3 b4 24.Rxg6 bxc3+ 25.Ka1 Qxc2 26.Qe6+ Rf7 27.Rxg7+ Kxg7
28.Qe5+ Kh7 29.Qxh5+ Kg8 30.Qg5+ Rg7 31.Qd5+ e6 32.Qxe6+ Kh7  0-1

[Event "Israel Open Ch"]
[Site "Tel Aviv ISR"]
[Date "2001.04.14"]
[Round "6"]
[White "Khenkin,I"]
[Black "Postny,E"]
[Result "0-1"]
[WhiteElo "2609"]
[BlackElo "2432"]

1.d4 d6 2.e4 g6 3.Nc3 Bg7 4.Be3 Nf6 5.Qd2 c6 6.Nf3 b5 7.Bd3 Nbd7 8.e5 dxe5
9.dxe5 Ng4 10.e6 fxe6 11.Be4 Nxe3 12.Qxe3 b4 13.Na4 Qc7 14.Nd4 Ne5 15.Qb3 O-O
16.O-O-O Qa5 17.h4 c5 18.Bxa8 c4 19.Nc6 Nxc6 20.Qxc4 Ne5 21.Qb3 Ba6 22.Bd5 Kh8
23.Bxe6 Bb7 24.Bd5 Bc8 25.f4 Ng4 26.Bf3 Nf2 27.Rd5 Qc7 28.Re1 Qxf4+ 29.Kb1 Qxh4
30.Nc5 Ng4 31.Nd3 Nh2 32.Qxb4 Nxf3 33.gxf3 Qxb4 34.Nxb4 Rxf3 35.Rd8+ Rf8
36.Rxf8+ Bxf8 37.Rd1 Bf5 38.Nc6 h5 39.Nxa7 h4 40.Rh1 g5 41.Nc6 h3 42.Ne5 Kg7
43.a4 e6 44.a5 Bc5 45.a6 g4 46.b4 Bb6 47.Nxg4 Bxg4 48.c4 Kf6 49.c5 Ba7 50.Kc2 Ke5
51.Kd3 Kd5 52.Rg1 Bf3 53.Rg5+ e5 54.c6 h2 55.c7 h1=Q 56.Rxe5+ Kxe5 57.c8=Q Qd1+
58.Kc4 Qc2+ 59.Kb5 Qxc8  0-1